Highways Agency consultation published (Record no. 72405)
[ view plain ]
| 000 -LEADER | |
|---|---|
| fixed length control field | 01084cam a2200205 4500 |
| 001 - CONTROL NUMBER | |
| control field | WB3913-20 |
| 008 - FIXED-LENGTH DATA ELEMENTS--GENERAL INFORMATION | |
| fixed length control field | 030401n2003 000 0 eng u |
| 035 ## - SYSTEM CONTROL NUMBER | |
| System control number | (Sirsi) u121845 |
| 245 ## - TITLE STATEMENT | |
| Title | Highways Agency consultation published |
| 260 ## - PUBLICATION, DISTRIBUTION, ETC. | |
| Date of publication, distribution, etc. | 2003 |
| 490 ## - SERIES STATEMENT | |
| Series statement | Highways Agency Press Release |
| Volume/sequential designation | (HA012/03) 31 March 2003 (2) |
| 520 ## - SUMMARY, ETC. | |
| Summary, etc. | The Highways Agency has published a consultation on the use of PFI in improving the maintenance of motoways and trunk roads in England. The consultation document "Private finance in highways maintenance" is available from the Highways Agency site, http://www.highways.gov.uk/roads/projects/pfmd/index.htm. Comments can be returned to Y Patel, Highways Agency, Room 120 Heron House, Bedford MK40 3LL or e [email protected]. Highways Agency News Release http://www.highways.gov.uk/news/press_releases/general/2003_03_31.htm |
| 590 ## - LOCAL NOTE (RLIN) | |
| Local note | WB |
| 650 ## - SUBJECT ADDED ENTRY--TOPICAL TERM | |
| Topical term or geographic name entry element | HIGHWAY MAINTENANCE |
| 650 ## - SUBJECT ADDED ENTRY--TOPICAL TERM | |
| Topical term or geographic name entry element | HIGHWAY IMPROVEMENTS |
| 650 ## - SUBJECT ADDED ENTRY--TOPICAL TERM | |
| Topical term or geographic name entry element | PFI |
| 650 ## - SUBJECT ADDED ENTRY--TOPICAL TERM | |
| Topical term or geographic name entry element | PUBLIC CONSULTATIONS |
| 690 ## - LOCAL SUBJECT ADDED ENTRY--TOPICAL TERM (OCLC, RLIN) | |
| Topical term or geographic name as entry element | TRANSPORT AND COMMUNICATIONS |
| 942 ## - ADDED ENTRY ELEMENTS (KOHA) | |
| Suppress in OPAC | 0 |
| Withdrawn status | Lost status | Source of classification or shelving scheme | Damaged status | Not for loan | Home library | Current library | Shelving location | Date acquired | Total Checkouts | Full call number | Barcode | Date last seen | Copy number | Price effective from | Koha item type |
|---|---|---|---|---|---|---|---|---|---|---|---|---|---|---|---|
| Dewey Decimal Classification | London | London | News article | 01/04/2003 | WB3913-20 | 121845-1001 | 06/08/2019 | 1 | 06/08/2019 | News article |